Gender school and society (Record no. 30412)

MARC details
000 -LEADER
fixed length control field 00406nam a2200169Ia 4500
020 ## - INTERNATIONAL STANDARD BOOK NUMBER
ISBN 9789386841308
050 ## - CALL MARK
Classification number HQ 1075 .R36/
100 ## - STATEMENT OF RESPONSIBILITY--MAIN AUTHOR NAME
Personal name Ramar, R.
245 #0 - TITLE STATEMENT
Title Gender school and society
260 ## - PUBLICATION, DISTRIBUTION, ETC. (IMPRINT)
Place of publication New Delhi
260 ## - PUBLICATION, DISTRIBUTION, ETC. (IMPRINT)
Name of publisher Discovery Publishing House Pvt. Ltd.
260 ## - PUBLICATION, DISTRIBUTION, ETC. (IMPRINT)
Year of publication 2018
300 ## - PHYSICAL DESCRIPTION
Number of Pages 234 p
942 ## - ADDED ENTRY ELEMENTS (KOHA)
Koha item type Books
Holdings
Withdrawn status Lost status Source of classification or shelving scheme Damaged status Not for loan Permanent Location Current Location Shelving location Date acquired Accession Number Price effective from Koha item type
    Library of Congress Classification     NILE UNIVERSITY OF NIGERIA - MAIN LIBRARY NILE UNIVERSITY OF NIGERIA - MAIN LIBRARY Items on shelf 04/23/2025 0192743 04/23/2025 Books